<?xml version="1.0" encoding="UTF-8"?>
<record
    xmlns:xsi="http://www.w3.org/2001/XMLSchema-instance"
    xsi:schemaLocation="http://www.loc.gov/MARC21/slim http://www.loc.gov/standards/marcxml/schema/MARC21slim.xsd"
    xmlns="http://www.loc.gov/MARC21/slim">

  <leader>00986nam a22002297a 4500</leader>
  <datafield tag="952" ind1=" " ind2=" ">
    <subfield code="0">0</subfield>
    <subfield code="1">0</subfield>
    <subfield code="2">ddc</subfield>
    <subfield code="4">0</subfield>
    <subfield code="7">0</subfield>
    <subfield code="8">NFIC</subfield>
    <subfield code="a">ASL</subfield>
    <subfield code="b">ASL</subfield>
    <subfield code="c">GEN</subfield>
    <subfield code="d">2020-09-17</subfield>
    <subfield code="l">0</subfield>
    <subfield code="o">297.5492 AZS</subfield>
    <subfield code="p">101172</subfield>
    <subfield code="r">2020-09-17 00:00:00</subfield>
    <subfield code="t">C-1</subfield>
    <subfield code="w">2020-09-17</subfield>
    <subfield code="y">BK</subfield>
  </datafield>
  <datafield tag="999" ind1=" " ind2=" ">
    <subfield code="c">18025</subfield>
    <subfield code="d">18025</subfield>
  </datafield>
  <controlfield tag="003">BDDh-ASL</controlfield>
  <controlfield tag="005">20231015025654.0</controlfield>
  <controlfield tag="008">200917b1995       ||||| b||| 001 0     d</controlfield>
  <datafield tag="020" ind1=" " ind2=" ">
    <subfield code="a">9840601849</subfield>
  </datafield>
  <datafield tag="040" ind1=" " ind2=" ">
    <subfield code="a">BDDh-ASL</subfield>
    <subfield code="c">BDDh-ASL</subfield>
    <subfield code="d">BDDh-ASL</subfield>
  </datafield>
  <datafield tag="041" ind1=" " ind2=" ">
    <subfield code="a">bengali </subfield>
  </datafield>
  <datafield tag="082" ind1=" " ind2=" ">
    <subfield code="a">297.5492</subfield>
    <subfield code="b">AZS</subfield>
  </datafield>
  <datafield tag="100" ind1="1" ind2=" ">
    <subfield code="a">&#x986;&#x99C;&#x9B0;&#x9AB;, &#x9A6;&#x9C7;&#x993;&#x9AF;&#x9BC;&#x9BE;&#x9A8; &#x9AE;&#x9CB;&#x9B9;&#x9BE;&#x9AE;&#x9CD;&#x9AE;&#x9A6; </subfield>
    <subfield code="9">859</subfield>
  </datafield>
  <datafield tag="245" ind1="1" ind2=" ">
    <subfield code="a">&#x9B8;&#x9BF;&#x9B2;&#x9C7;&#x99F;&#x9C7; &#x987;&#x9B8;&#x9B2;&#x9BE;&#x9AE;/</subfield>
    <subfield code="c">&#x9A6;&#x9C7;&#x993;&#x9AF;&#x9BC;&#x9BE;&#x9A8; &#x9AE;&#x9CB;&#x9B9;&#x9BE;&#x9AE;&#x9CD;&#x9AE;&#x9A6; &#x986;&#x99C;&#x9B0;&#x9AB;&#x964; </subfield>
  </datafield>
  <datafield tag="246" ind1=" " ind2=" ">
    <subfield code="a">Sylhete Islam. </subfield>
  </datafield>
  <datafield tag="260" ind1=" " ind2=" ">
    <subfield code="a">&#x9A2;&#x9BE;&#x995;&#x9BE;: </subfield>
    <subfield code="b">&#x987;&#x9B8;&#x9B2;&#x9BE;&#x9AE;&#x9BF;&#x995; &#x9AB;&#x9BE;&#x989;&#x9A3;&#x9CD;&#x9A1;&#x9C7;&#x9B6;&#x9A8; &#x9AC;&#x9BE;&#x982;&#x9B2;&#x9BE;&#x9A6;&#x9C7;&#x9B6;, </subfield>
    <subfield code="c">&#x9E7;&#x9EF;&#x9EF;&#x9EB;&#x964; </subfield>
  </datafield>
  <datafield tag="300" ind1=" " ind2=" ">
    <subfield code="a"> &#x995;&#x9C1;&#x9A1;&#x9BC;&#x9BF;, &#x9E8;&#x9E7;&#x9E8; &#x9AA;&#x9C3;&#x9B7;&#x9CD;&#x9A0;&#x9BE;: </subfield>
    <subfield code="c">&#x9E8;&#x9E7; &#x9B8;&#x9C7;. &#x9AE;&#x9BF;.&#x964; </subfield>
  </datafield>
  <datafield tag="504" ind1=" " ind2=" ">
    <subfield code="a">&#x997;&#x9CD;&#x9B0;&#x9A8;&#x9CD;&#x9A5;&#x9AA;&#x99E;&#x9CD;&#x99C;&#x9BF; &#x993; &#x9A8;&#x9BF;&#x9B0;&#x9CD;&#x998;&#x9A8;&#x9CD;&#x99F; &#x9B8;&#x982;&#x9AF;&#x9C1;&#x995;&#x9CD;&#x9A4;&#x964; </subfield>
  </datafield>
  <datafield tag="600" ind1=" " ind2=" ">
    <subfield code="2">&#x9B8;&#x9BF;&#x9B2;&#x9C7;&#x99F;</subfield>
  </datafield>
  <datafield tag="650" ind1=" " ind2="0">
    <subfield code="9">860</subfield>
    <subfield code="a">&#x987;&#x9B8;&#x9B2;&#x9BE;&#x9AE; &#x9AA;&#x9CD;&#x9B0;&#x99A;&#x9BE;&#x9B0; </subfield>
    <subfield code="x">&#x987;&#x9B8;&#x9B2;&#x9BE;&#x9AE; &#x9A7;&#x9B0;&#x9CD;&#x9AE; </subfield>
  </datafield>
  <datafield tag="942" ind1=" " ind2=" ">
    <subfield code="2">ddc</subfield>
    <subfield code="c">BK</subfield>
  </datafield>
</record>
